Statistics for People with Food Names

Click here to take the quiz!

General Stats

  • This quiz has been taken 51,408 times
    (22,746 since last reset)
  • The average score is 12 of 20

Answer Stats

HintAnswer% Correct
Star of "Catwoman"Halle {Berry}
91%
All actors are six degrees of
separation from him
Kevin {Bacon}
91%
"Ice, Ice Baby" singer{Vanilla} Ice
85%
Character portrayed by Rowan AtkinsonMr. {Bean}
80%
Popeye's girlfriend{Olive} Oyl
77%
He invented a way to eat
meat and bread
Earl of {Sandwich}
71%
Former U.S. Secretary of StateCondoleezza {Rice}
70%
"Captain Marvel" actress{Brie} Larson
66%
Mario's damsel in distressPrincess {Peach}
66%
Boxing legend{Sugar} Ray
Robinson
65%
NBA three point sharpshooterSteph {Curry}
62%
Gwyneth Paltrow's child{Apple} Martin
61%
Fred Astaire's partner{Ginger} Rogers
59%
He'd do anything for love - but not that{Meat} {Loaf}
59%
Tony Stark's assistant{Pepper} Potts
59%
Willy Wonka factory visitorVeruca {Salt}
56%
Hotelier who owned Fawlty Towers{Basil} Fawlty
40%
"Canadian Bacon" actorJohn {Candy}
37%
1950s singer and actress{Rosemary} Clooney
32%
"Hockey Night in Canada" announcerDon {Cherry}
22%

Score Distribution

Percentile by Number Answered

Percent of People with Each Score

Your Score History

You have not taken this quiz since the last reset